[Event "Blitz 2018"]
[Site "Saint-Petersburg"]
[Date "2018.12.30"]
[Round "13"]
[Board "37"]
[White "Roiz Michael (ISR)"]
[Black "Zhigalko Andrey (BLR)"]
[Result "1/2-1/2"]
[LiveChessVersion "1.4.8"]
[BlackElo "2493"]
[WhiteElo "2617"]

1. Nf3 {[%clk 0:03:02]} c5 {[%clk 0:03:04]} 2. c4 {[%clk 0:03:02]} g6
{[%clk 0:03:04]} 3. d4 {[%clk 0:03:03]} cxd4 {[%clk 0:03:05]} 4. Nxd4
{[%clk 0:03:04]} Nf6 {[%clk 0:03:06]} 5. Nc3 {[%clk 0:03:04]} d5 {[%clk 0:03:07]}
6. Nf3 {[%clk 0:03:02]} Be6 {[%clk 0:02:57]} 7. Ng5 {[%clk 0:03:03]} d4
{[%clk 0:02:48]} 8. Nxe6 {[%clk 0:03:00]} fxe6 {[%clk 0:02:49]} 9. Nb1
{[%clk 0:03:01]} Nc6 {[%clk 0:01:34]} 10. g3 {[%clk 0:03:01]} Ne4
{[%clk 0:01:05]} 11. Bg2 {[%clk 0:02:41]} Qa5+ {[%clk 0:01:05]} 12. Nd2
{[%clk 0:02:40]} Nxd2 {[%clk 0:00:53]} 13. Bxd2 {[%clk 0:02:39]} Qb6
{[%clk 0:00:53]} 14. b4 {[%clk 0:02:32]} Bg7 {[%clk 0:00:49]} 15. O-O
{[%clk 0:02:27]} O-O {[%clk 0:00:47]} 16. Rb1 {[%clk 0:02:26]} Rad8
{[%clk 0:00:43]} 17. Qb3 {[%clk 0:02:26]} Kh8 {[%clk 0:00:36]} 18. c5
{[%clk 0:02:13]} Qb5 {[%clk 0:00:24]} 19. Rfe1 {[%clk 0:02:03]} Ne5
{[%clk 0:00:24]} 20. a4 {[%clk 0:01:42]} Qd7 {[%clk 0:00:25]} 21. Rbd1
{[%clk 0:01:32]} Ng4 {[%clk 0:00:22]} 22. Rf1 {[%clk 0:01:33]} e5
{[%clk 0:00:18]} 23. b5 {[%clk 0:01:28]} Nf6 {[%clk 0:00:16]} 24. e3
{[%clk 0:01:16]} Qc7 {[%clk 0:00:14]} 25. c6 {[%clk 0:01:09]} bxc6
{[%clk 0:00:15]} 26. bxc6 {[%clk 0:01:10]} Rb8 {[%clk 0:00:14]} 27. Qc4
{[%clk 0:01:07]} Ne8 {[%clk 0:00:14]} 28. Rb1 {[%clk 0:00:59]} Nd6
{[%clk 0:00:15]} 29. Qe6 {[%clk 0:01:00]} d3 {[%clk 0:00:11]} 30. Bc3
{[%clk 0:00:53]} e4 {[%clk 0:00:08]} 31. Bxg7+ {[%clk 0:00:53]} Kxg7
{[%clk 0:00:10]} 32. Rxb8 {[%clk 0:00:49]} Rxb8 {[%clk 0:00:10]} 33. Qe5+
{[%clk 0:00:47]} Kf7 {[%clk 0:00:07]} 34. Bxe4 {[%clk 0:00:48]} e6
{[%clk 0:00:05]} 35. Rd1 {[%clk 0:00:43]} Rb3 {[%clk 0:00:05]} 36. Bxd3
{[%clk 0:00:40]} Qxc6 {[%clk 0:00:05]} 37. Qxd6 {[%clk 0:00:36]} Qxd6
{[%clk 0:00:04]} 38. Bxg6+ {[%clk 0:00:38]} Ke7 {[%clk 0:00:05]} 39. Rxd6
{[%clk 0:00:39]} Kxd6 {[%clk 0:00:05]} 40. Bxh7 {[%clk 0:00:40]} Ra3
{[%clk 0:00:04]} 41. Bc2 {[%clk 0:00:35]} Ra2 {[%clk 0:00:05]} 42. Bb3
{[%clk 0:00:37]} Ra3 {[%clk 0:00:06]} 43. Bc2 {[%clk 0:00:38]} Ra2
{[%clk 0:00:07]} 44. Bb3 {[%clk 0:00:37]} Ra3 {[%clk 0:00:08]} 45. Bc2 Ke5
1/2-1/2

[Event "Blitz 2018"]
[Site "Saint-Petersburg"]
[Date "2018.12.30"]
[Round "13"]
[Board "38"]
[White "Tang Andrew (USA)"]
[Black "Tari Aryan (NOR)"]
[Result "1/2-1/2"]
[LiveChessVersion "1.4.8"]
[BlackElo "2608"]
[WhiteElo "2501"]

1. d4 {[%clk 0:03:02]} d5 {[%clk 0:03:03]} 2. Bf4 {[%clk 0:03:02]} c5
{[%clk 0:03:03]} 3. e3 {[%clk 0:03:03]} cxd4 {[%clk 0:03:00]} 4. exd4
{[%clk 0:03:03]} Nc6 {[%clk 0:03:01]} 5. Nf3 {[%clk 0:03:03]} Bg4
{[%clk 0:03:02]} 6. Nbd2 {[%clk 0:03:00]} e6 {[%clk 0:03:01]} 7. c3
{[%clk 0:02:45]} Bd6 {[%clk 0:03:00]} 8. Bxd6 {[%clk 0:02:14]} Qxd6
{[%clk 0:03:01]} 9. Be2 {[%clk 0:02:14]} Nge7 {[%clk 0:02:51]} 10. O-O
{[%clk 0:02:12]} O-O {[%clk 0:02:52]} 11. h3 {[%clk 0:02:05]} Bh5
{[%clk 0:02:50]} 12. Ne5 {[%clk 0:02:03]} Bxe2 {[%clk 0:02:48]} 13. Qxe2
{[%clk 0:02:03]} Nxe5 {[%clk 0:02:45]} 14. dxe5 {[%clk 0:02:04]} Qc7
{[%clk 0:02:46]} 15. Rfe1 {[%clk 0:01:58]} Nc6 {[%clk 0:02:11]} 16. Nf3
{[%clk 0:01:49]} h6 {[%clk 0:02:12]} 17. Rad1 {[%clk 0:01:49]} a6
{[%clk 0:02:02]} 18. Qe3 {[%clk 0:01:49]} b5 {[%clk 0:01:49]} 19. Nh2
{[%clk 0:01:43]} Ne7 {[%clk 0:01:48]} 20. Qf4 {[%clk 0:01:38]} f5
{[%clk 0:01:32]} 21. Nf3 {[%clk 0:01:35]} Nc6 {[%clk 0:01:27]} 22. Qe3
{[%clk 0:01:08]} Rac8 {[%clk 0:01:25]} 23. Kh1 {[%clk 0:01:07]} f4
{[%clk 0:01:19]} 24. Qd3 {[%clk 0:01:07]} Rf5 {[%clk 0:01:17]} 25. Qb1
{[%clk 0:00:46]} Nxe5 {[%clk 0:01:08]} 26. Nd4 {[%clk 0:00:47]} Rf6
{[%clk 0:01:10]} 27. f3 {[%clk 0:00:44]} Qd6 {[%clk 0:01:06]} 28. Re2
{[%clk 0:00:27]} Nc4 {[%clk 0:01:07]} 29. Qd3 {[%clk 0:00:25]} Ne3
{[%clk 0:00:48]} 30. Rde1 {[%clk 0:00:25]} Rcf8 {[%clk 0:00:30]} 31. Nc2
{[%clk 0:00:24]} Nf5 {[%clk 0:00:32]} 32. Kh2 {[%clk 0:00:24]} Rg6
{[%clk 0:00:29]} 33. Nd4 {[%clk 0:00:23]} Nh4 {[%clk 0:00:16]} 34. Nxe6
{[%clk 0:00:20]} Re8 {[%clk 0:00:18]} 35. Nd4 {[%clk 0:00:19]} Re3
{[%clk 0:00:19]} 36. Qd2 {[%clk 0:00:18]} Qe5 {[%clk 0:00:15]} 37. Kh1
{[%clk 0:00:18]} Rxg2 {[%clk 0:00:14]} 38. Rxg2 {[%clk 0:00:13]} Rxe1+
{[%clk 0:00:14]} 39. Rg1 {[%clk 0:00:14]} Rxg1+ {[%clk 0:00:12]} 40. Kxg1 Qg5+
41. Kh1 {[%clk 0:00:16]} Qg3 {[%clk 0:00:15]} 42. Qh2 {[%clk 0:00:17]} Kf7
{[%clk 0:00:06]} 43. Qxg3 {[%clk 0:00:18]} fxg3 {[%clk 0:00:07]} 44. Ne2
{[%clk 0:00:19]} Nxf3 {[%clk 0:00:07]} 45. Nxg3 {[%clk 0:00:20]} Ke6
{[%clk 0:00:08]} 46. Kg2 Nd2 47. Ne2 {[%clk 0:00:22]} Nc4 {[%clk 0:00:11]} 48. b3
{[%clk 0:00:23]} Ne3+ {[%clk 0:00:12]} 49. Kf3 {[%clk 0:00:24]} Nf5
{[%clk 0:00:13]} 50. Nf4+ {[%clk 0:00:25]} Ke5 {[%clk 0:00:15]} 51. Nd3+
{[%clk 0:00:26]} Kd6 {[%clk 0:00:16]} 52. Kf4 {[%clk 0:00:28]} g6
{[%clk 0:00:17]} 53. Ne5 {[%clk 0:00:28]} Ne7 {[%clk 0:00:18]} 54. Nf7+
{[%clk 0:00:29]} Ke6 {[%clk 0:00:19]} 55. Nxh6 {[%clk 0:00:31]} Nc6
{[%clk 0:00:19]} 56. Ng4 {[%clk 0:00:31]} d4 {[%clk 0:00:20]} 57. cxd4
{[%clk 0:00:32]} Nxd4 {[%clk 0:00:21]} 58. Ke4 {[%clk 0:00:33]} Nc6
{[%clk 0:00:22]} 59. Ne3 {[%clk 0:00:33]} Nb4 {[%clk 0:00:21]} 60. a3
{[%clk 0:00:34]} Nc6 {[%clk 0:00:22]} 61. Nd5 {[%clk 0:00:35]} Kd6
{[%clk 0:00:19]} 62. Nf4 Ne7 63. Nd3 {[%clk 0:00:36]} Nd5 {[%clk 0:00:18]} 64.
Kd4 {[%clk 0:00:36]} Ne7 {[%clk 0:00:17]} 65. b4 {[%clk 0:00:36]} Nc6+
{[%clk 0:00:14]} 66. Ke4 {[%clk 0:00:37]} a5 {[%clk 0:00:15]} 67. bxa5 Nxa5
{[%clk 0:00:16]} 68. Ne5 {[%clk 0:00:38]} g5 {[%clk 0:00:16]} 69. Nf7+
{[%clk 0:00:39]} Ke7 {[%clk 0:00:15]} 70. Ne5 {[%clk 0:00:37]} Ke6
{[%clk 0:00:16]} 71. Nf3 Ke5+ 1/2-1/2

[Event "Blitz 2018"]
[Site "Saint-Petersburg"]
[Date "2018.12.30"]
[Round "13"]
[Board "39"]
[White "Seliverstov Vladimir (RUS)"]
[Black "Khusnutdinov Rustam (KAZ)"]
[Result "0-1"]
[LiveChessVersion "1.4.8"]
[BlackElo "2582"]
[WhiteElo "2512"]

1. d4 {[%clk 0:03:03]} Nf6 {[%clk 0:03:02]} 2. Nf3 {[%clk 0:03:04]} b6
{[%clk 0:02:52]} 3. Bf4 {[%clk 0:03:01]} Bb7 {[%clk 0:02:53]} 4. e3
{[%clk 0:03:02]} g6 {[%clk 0:02:47]} 5. h3 {[%clk 0:03:02]} Bg7 {[%clk 0:02:48]}
6. Be2 {[%clk 0:03:02]} O-O {[%clk 0:02:47]} 7. O-O {[%clk 0:03:02]} d6
{[%clk 0:02:48]} 8. c3 {[%clk 0:03:03]} c5 {[%clk 0:02:44]} 9. Bh2
{[%clk 0:03:02]} Nbd7 {[%clk 0:02:41]} 10. Nbd2 {[%clk 0:03:00]} a6
{[%clk 0:02:27]} 11. a4 {[%clk 0:03:01]} Ra7 {[%clk 0:02:27]} 12. Qb3
{[%clk 0:02:58]} Qa8 {[%clk 0:02:27]} 13. Rfe1 {[%clk 0:02:50]} Ne4
{[%clk 0:02:27]} 14. Nxe4 {[%clk 0:02:30]} Bxe4 {[%clk 0:02:28]} 15. Rad1
{[%clk 0:02:31]} b5 {[%clk 0:02:09]} 16. Ra1 {[%clk 0:01:53]} b4 {[%clk 0:01:18]}
17. cxb4 {[%clk 0:01:43]} Rb8 {[%clk 0:01:09]} 18. dxc5 {[%clk 0:01:27]} Nxc5
{[%clk 0:01:10]} 19. Qa3 {[%clk 0:01:27]} Ne6 {[%clk 0:01:07]} 20. Rac1
{[%clk 0:01:16]} Qb7 {[%clk 0:01:04]} 21. b5 {[%clk 0:00:43]} axb5
{[%clk 0:01:05]} 22. a5 {[%clk 0:00:45]} b4 23. Qa2 Qa8 {[%clk 0:00:55]} 24. a6
{[%clk 0:00:46]} Nc5 {[%clk 0:00:56]} 25. Ng5 {[%clk 0:00:29]} Bd5
{[%clk 0:00:42]} 26. Bc4 {[%clk 0:00:30]} Bxc4 {[%clk 0:00:43]} 27. Qxc4
{[%clk 0:00:29]} Rf8 {[%clk 0:00:45]} 28. Rcd1 {[%clk 0:00:05]} b3
{[%clk 0:00:41]} 29. Re2 {[%clk 0:00:05]} Rxa6 {[%clk 0:00:43]} 30. Qh4
{[%clk 0:00:06]} h6 {[%clk 0:00:43]} 31. Nf3 {[%clk 0:00:07]} Ra1
{[%clk 0:00:42]} 32. Rde1 {[%clk 0:00:06]} Rxe1+ 33. Nxe1 {[%clk 0:00:07]} Qa6
{[%clk 0:00:39]} 34. Kf1 {[%clk 0:00:07]} Nd3 {[%clk 0:00:35]} 35. Nxd3
{[%clk 0:00:05]} Qxd3 {[%clk 0:00:36]} 36. Qxe7 {[%clk 0:00:06]} Ra8
{[%clk 0:00:29]} 37. f3 {[%clk 0:00:06]} Ra1+ {[%clk 0:00:24]} 38. Kf2
{[%clk 0:00:07]} Qd1 {[%clk 0:00:26]} 39. Qd8+ {[%clk 0:00:04]} Kh7 0-1

[Event "Blitz 2018"]
[Site "Saint-Petersburg"]
[Date "2018.12.30"]
[Round "13"]
[Board "40"]
[White "Popov Valerij (RUS)"]
[Black "Oganian Miran (RUS)"]
[Result "1-0"]
[LiveChessVersion "1.4.8"]
[BlackElo "2326"]
[WhiteElo "2574"]

1. c4 {[%clk 0:03:02]} Nf6 {[%clk 0:03:02]} 2. Nc3 {[%clk 0:03:02]} e6
{[%clk 0:03:01]} 3. e4 {[%clk 0:03:03]} c5 {[%clk 0:02:55]} 4. Nf3
{[%clk 0:03:03]} Nc6 {[%clk 0:02:54]} 5. Be2 {[%clk 0:03:04]} Be7
{[%clk 0:02:27]} 6. O-O {[%clk 0:03:04]} O-O {[%clk 0:02:28]} 7. d4
{[%clk 0:03:05]} cxd4 {[%clk 0:02:29]} 8. Nxd4 {[%clk 0:03:06]} Qc7
{[%clk 0:02:26]} 9. Be3 {[%clk 0:02:55]} Rd8 {[%clk 0:02:12]} 10. Rc1
{[%clk 0:02:45]} Qb8 {[%clk 0:02:01]} 11. f4 {[%clk 0:02:36]} d6 {[%clk 0:02:02]}
12. g4 {[%clk 0:02:13]} Nxd4 {[%clk 0:01:59]} 13. Bxd4 {[%clk 0:02:12]} e5
{[%clk 0:02:00]} 14. Be3 {[%clk 0:02:11]} exf4 {[%clk 0:01:58]} 15. Bxf4
{[%clk 0:02:08]} Be6 {[%clk 0:01:52]} 16. g5 {[%clk 0:01:39]} Nd7
{[%clk 0:01:50]} 17. Bg4 {[%clk 0:01:39]} Bxc4 {[%clk 0:01:38]} 18. Nd5
{[%clk 0:01:39]} Bxd5 {[%clk 0:01:35]} 19. Qxd5 {[%clk 0:01:37]} Nb6
{[%clk 0:01:22]} 20. Qb3 {[%clk 0:01:37]} Rf8 {[%clk 0:01:19]} 21. a4
{[%clk 0:01:27]} Qd8 {[%clk 0:01:14]} 22. h4 {[%clk 0:01:22]} Rb8
{[%clk 0:00:41]} 23. Rcd1 {[%clk 0:01:05]} Nd7 {[%clk 0:00:26]} 24. Rxd6
{[%clk 0:00:53]} Bxd6 {[%clk 0:00:19]} 25. Bxd6 {[%clk 0:00:54]} Qb6+
{[%clk 0:00:19]} 26. Qxb6 {[%clk 0:00:55]} Nxb6 {[%clk 0:00:20]} 27. b3
{[%clk 0:00:53]} Rbd8 {[%clk 0:00:08]} 28. Bxf8 {[%clk 0:00:54]} Kxf8
{[%clk 0:00:06]} 29. Be6 {[%clk 0:00:50]} Ke7 {[%clk 0:00:07]} 30. Bxf7
{[%clk 0:00:50]} Rd4 {[%clk 0:00:08]} 31. Bg8 {[%clk 0:00:49]} Rxe4
{[%clk 0:00:06]} 32. Rf7+ {[%clk 0:00:48]} Kd6 {[%clk 0:00:06]} 33. Rxb7
{[%clk 0:00:46]} Rxh4 {[%clk 0:00:05]} 34. Rxg7 {[%clk 0:00:43]} Nd7
{[%clk 0:00:03]} 35. Bxh7 {[%clk 0:00:36]} a5 {[%clk 0:00:05]} 36. Bf5
{[%clk 0:00:32]} Nc5 {[%clk 0:00:06]} 37. g6 {[%clk 0:00:27]} Ke5
{[%clk 0:00:08]} 38. Bc2 {[%clk 0:00:26]} Rg4+ {[%clk 0:00:07]} 39. Kf2
{[%clk 0:00:26]} Ne6 {[%clk 0:00:08]} 40. Ra7 {[%clk 0:00:26]} Nf4
{[%clk 0:00:06]} 41. Kf3 {[%clk 0:00:24]} Rg2 {[%clk 0:00:03]} 42. Rxa5+
{[%clk 0:00:24]} Kf6 {[%clk 0:00:03]} 43. Kxf4 {[%clk 0:00:24]} Rxc2
{[%clk 0:00:04]} 44. Ra6+ {[%clk 0:00:25]} Kg7 {[%clk 0:00:05]} 45. Rb6
{[%clk 0:00:27]} Rb2 {[%clk 0:00:04]} 46. a5 {[%clk 0:00:27]} Ra2
{[%clk 0:00:04]} 47. b4 {[%clk 0:00:29]} Kh6 {[%clk 0:00:05]} 48. Ke4
{[%clk 0:00:28]} Kg7 {[%clk 0:00:05]} 49. Kd4 {[%clk 0:00:29]} Kh6
{[%clk 0:00:07]} 50. Kc4 {[%clk 0:00:30]} Kg7 {[%clk 0:00:08]} 51. Kb5
{[%clk 0:00:31]} Kh6 {[%clk 0:00:08]} 52. a6 {[%clk 0:00:32]} 1-0

[Event "Blitz 2018"]
[Site "Saint-Petersburg"]
[Date "2018.12.30"]
[Round "13"]
[Board "41"]
[White "Najer Evgeniy (RUS)"]
[Black "Tsoi Dmitry (RUS)"]
[Result "1-0"]
[LiveChessVersion "1.4.8"]
[BlackElo "2387"]
[WhiteElo "2573"]

1. d4 {[%clk 0:03:02]} f5 {[%clk 0:03:04]} 2. g3 {[%clk 0:03:03]} Nf6
{[%clk 0:03:05]} 3. Bg2 {[%clk 0:03:03]} e6 {[%clk 0:03:06]} 4. Nf3
{[%clk 0:02:59]} d5 {[%clk 0:03:07]} 5. Bf4 {[%clk 0:02:56]} Be7 {[%clk 0:03:06]}
6. O-O {[%clk 0:02:55]} O-O {[%clk 0:03:06]} 7. c4 {[%clk 0:02:56]} c6
{[%clk 0:03:07]} 8. Nc3 {[%clk 0:02:54]} Ne4 {[%clk 0:03:07]} 9. Qc2
{[%clk 0:02:47]} Nd7 {[%clk 0:03:06]} 10. a3 {[%clk 0:02:42]} Bd6
{[%clk 0:02:49]} 11. e3 {[%clk 0:02:24]} Bxf4 {[%clk 0:02:25]} 12. exf4
{[%clk 0:02:24]} Qe7 {[%clk 0:02:09]} 13. Rac1 {[%clk 0:02:19]} Nd6
{[%clk 0:02:02]} 14. c5 {[%clk 0:02:10]} Ne4 {[%clk 0:02:02]} 15. b4
{[%clk 0:02:10]} a6 {[%clk 0:01:53]} 16. Rb1 {[%clk 0:02:10]} Ndf6
{[%clk 0:01:47]} 17. Na4 {[%clk 0:02:07]} Rb8 {[%clk 0:01:27]} 18. Ne5
{[%clk 0:02:02]} Nd7 {[%clk 0:01:20]} 19. Rfe1 {[%clk 0:01:42]} Nxe5
{[%clk 0:01:00]} 20. dxe5 {[%clk 0:01:41]} d4 {[%clk 0:00:35]} 21. Bxe4
{[%clk 0:01:27]} fxe4 {[%clk 0:00:36]} 22. Qxe4 {[%clk 0:01:27]} Bd7
{[%clk 0:00:37]} 23. Qxd4 {[%clk 0:01:27]} Be8 {[%clk 0:00:39]} 24. Qd6
{[%clk 0:01:27]} Qd8 {[%clk 0:00:34]} 25. Rbd1 {[%clk 0:01:20]} Bf7
{[%clk 0:00:34]} 26. Nb6 {[%clk 0:01:08]} Re8 {[%clk 0:00:32]} 27. Qxd8
{[%clk 0:00:57]} Rbxd8 {[%clk 0:00:33]} 28. Rd6 {[%clk 0:00:58]} Bg6
{[%clk 0:00:29]} 29. Red1 {[%clk 0:00:58]} Rb8 {[%clk 0:00:30]} 30. f3
{[%clk 0:00:59]} h5 {[%clk 0:00:27]} 31. Kf2 {[%clk 0:00:59]} Bf5
{[%clk 0:00:29]} 32. Ke3 {[%clk 0:01:01]} Bg6 {[%clk 0:00:29]} 33. Rd7
{[%clk 0:01:01]} Kf8 {[%clk 0:00:22]} 34. h3 {[%clk 0:01:02]} Re7
{[%clk 0:00:18]} 35. g4 {[%clk 0:01:01]} Be8 {[%clk 0:00:17]} 36. Rd8
{[%clk 0:01:01]} Rxd8 {[%clk 0:00:18]} 37. Rxd8 {[%clk 0:01:02]} Kf7
{[%clk 0:00:19]} 38. Nc8 {[%clk 0:00:57]} 1-0

[Event "Blitz 2018"]
[Site "Saint-Petersburg"]
[Date "2018.12.30"]
[Round "13"]
[Board "42"]
[White "Reshetnikov Alexey (RUS)"]
[Black "Timofeev Artyom (RUS)"]
[Result "1/2-1/2"]
[LiveChessVersion "1.4.8"]
[BlackElo "2568"]
[WhiteElo "2473"]

1. d4 {[%clk 0:03:03]} d5 {[%clk 0:03:03]} 2. Bf4 {[%clk 0:03:04]} e6
{[%clk 0:03:03]} 3. e3 {[%clk 0:03:04]} Nf6 {[%clk 0:03:03]} 4. c3
{[%clk 0:03:02]} Bd6 {[%clk 0:03:03]} 5. Bg3 {[%clk 0:03:01]} b6 {[%clk 0:03:03]}
6. Bd3 {[%clk 0:03:01]} Bb7 {[%clk 0:03:03]} 7. Nd2 {[%clk 0:03:00]} Nbd7
{[%clk 0:02:55]} 8. f4 {[%clk 0:02:44]} Ne4 {[%clk 0:02:45]} 9. Ngf3
{[%clk 0:02:31]} Ndf6 {[%clk 0:02:42]} 10. Bh4 {[%clk 0:02:28]} Be7
{[%clk 0:02:43]} 11. O-O {[%clk 0:02:24]} O-O {[%clk 0:02:38]} 12. Bxf6
{[%clk 0:01:29]} Nxf6 {[%clk 0:02:17]} 13. Ne5 {[%clk 0:01:27]} Ne4
{[%clk 0:02:14]} 14. Qc2 {[%clk 0:01:16]} f5 {[%clk 0:02:14]} 15. Nxe4
{[%clk 0:01:13]} fxe4 {[%clk 0:02:09]} 16. Be2 {[%clk 0:01:11]} c5
{[%clk 0:02:10]} 17. Bg4 {[%clk 0:01:04]} Qd6 {[%clk 0:02:10]} 18. Qe2
{[%clk 0:00:52]} a5 {[%clk 0:02:07]} 19. Rfc1 {[%clk 0:00:43]} Ba6
{[%clk 0:02:07]} 20. Qe1 {[%clk 0:00:41]} Bf6 {[%clk 0:02:06]} 21. Be2
{[%clk 0:00:36]} Bb7 {[%clk 0:01:37]} 22. Bb5 {[%clk 0:00:37]} Bxe5
{[%clk 0:01:20]} 23. fxe5 {[%clk 0:00:36]} Qe7 {[%clk 0:01:21]} 24. Qg3
{[%clk 0:00:35]} Ba6 {[%clk 0:01:16]} 25. Bxa6 {[%clk 0:00:30]} Rxa6
{[%clk 0:01:17]} 26. Rf1 {[%clk 0:00:31]} 1/2-1/2

[Event "Blitz 2018"]
[Site "Saint-Petersburg"]
[Date "2018.12.30"]
[Round "13"]
[Board "43"]
[White "Hakobyan Aram (ARM)"]
[Black "Jumabayev Rinat (KAZ)"]
[Result "1-0"]
[LiveChessVersion "1.4.8"]
[BlackElo "2554"]
[WhiteElo "2451"]

1. Nf3 {[%clk 0:03:02]} Nf6 {[%clk 0:03:03]} 2. c4 {[%clk 0:03:03]} d6
{[%clk 0:02:53]} 3. d4 {[%clk 0:03:01]} g6 {[%clk 0:02:51]} 4. g3
{[%clk 0:03:01]} Bg7 {[%clk 0:02:26]} 5. Bg2 {[%clk 0:03:02]} O-O
{[%clk 0:02:11]} 6. O-O {[%clk 0:03:02]} c5 {[%clk 0:02:12]} 7. b3
{[%clk 0:03:03]} Nc6 {[%clk 0:02:05]} 8. Bb2 {[%clk 0:03:02]} Bf5
{[%clk 0:01:44]} 9. d5 {[%clk 0:03:01]} Na5 {[%clk 0:01:44]} 10. Nbd2
{[%clk 0:03:01]} a6 {[%clk 0:01:44]} 11. Re1 {[%clk 0:03:02]} e5 {[%clk 0:01:29]}
12. e4 {[%clk 0:02:31]} Bd7 {[%clk 0:01:30]} 13. Bc3 {[%clk 0:02:29]} b5
{[%clk 0:01:31]} 14. Qc2 {[%clk 0:02:26]} Qc7 {[%clk 0:01:29]} 15. Rab1
{[%clk 0:02:17]} Nb7 {[%clk 0:01:15]} 16. Re2 {[%clk 0:01:57]} Qc8
{[%clk 0:01:02]} 17. Ne1 {[%clk 0:01:54]} Nh5 {[%clk 0:00:58]} 18. Nd3
{[%clk 0:01:45]} f5 {[%clk 0:00:59]} 19. exf5 {[%clk 0:01:35]} gxf5
{[%clk 0:00:48]} 20. f4 {[%clk 0:01:33]} b4 {[%clk 0:00:42]} 21. Bb2
{[%clk 0:01:31]} e4 {[%clk 0:00:43]} 22. Nf2 {[%clk 0:01:29]} Bd4
{[%clk 0:00:42]} 23. Nf1 {[%clk 0:01:23]} Qd8 {[%clk 0:00:40]} 24. Rd1
{[%clk 0:01:21]} Qf6 {[%clk 0:00:40]} 25. Qd2 {[%clk 0:01:04]} Bxb2
{[%clk 0:00:38]} 26. Qxb2 {[%clk 0:01:04]} Qxb2 {[%clk 0:00:39]} 27. Rxb2 a5 28.
Ne3 a4 29. Bh3 {[%clk 0:00:41]} axb3 {[%clk 0:00:38]} 30. axb3 {[%clk 0:00:42]}
Ra3 {[%clk 0:00:39]} 31. Re1 {[%clk 0:00:31]} Na5 {[%clk 0:00:30]} 32. Reb1
{[%clk 0:00:29]} Nb7 {[%clk 0:00:32]} 33. Nc2 {[%clk 0:00:27]} Ra6
{[%clk 0:00:33]} 34. Nxe4 {[%clk 0:00:26]} Re8 {[%clk 0:00:25]} 35. Ng5
{[%clk 0:00:23]} Re2 {[%clk 0:00:19]} 36. Ne1 {[%clk 0:00:23]} Rxb2
{[%clk 0:00:19]} 37. Rxb2 {[%clk 0:00:24]} Ra1 {[%clk 0:00:20]} 38. Kf2
{[%clk 0:00:25]} Nf6 {[%clk 0:00:16]} 39. Nef3 {[%clk 0:00:17]} Na5
{[%clk 0:00:16]} 40. Ne6 {[%clk 0:00:17]} Ng4+ {[%clk 0:00:14]} 41. Bxg4
{[%clk 0:00:16]} fxg4 {[%clk 0:00:15]} 42. Nd2 {[%clk 0:00:17]} Kf7
{[%clk 0:00:12]} 43. f5 {[%clk 0:00:18]} Kf6 {[%clk 0:00:12]} 44. Ne4+
{[%clk 0:00:19]} Kxf5 {[%clk 0:00:11]} 45. Nxd6+ {[%clk 0:00:20]} Ke5
{[%clk 0:00:12]} 46. Nf7+ {[%clk 0:00:19]} Kf6 {[%clk 0:00:13]} 47. Nxc5
{[%clk 0:00:18]} Bf5 {[%clk 0:00:12]} 48. Nd6 {[%clk 0:00:17]} Bg6
{[%clk 0:00:13]} 49. Re2 {[%clk 0:00:13]} Rb1 {[%clk 0:00:10]} 50. Nde4+
{[%clk 0:00:14]} Bxe4 {[%clk 0:00:05]} 51. Nxe4+ {[%clk 0:00:14]} Kf7
{[%clk 0:00:05]} 52. Nd2 {[%clk 0:00:11]} Rb2 {[%clk 0:00:05]} 53. d6
{[%clk 0:00:12]} Nc6 {[%clk 0:00:05]} 54. d7 {[%clk 0:00:10]} Kf6
{[%clk 0:00:05]} 55. Ne4+ {[%clk 0:00:10]} 1-0